[Event "ISR-chT 2019"]
[Site "Israel"]
[Date "2019.03.08"]
[Round "9.26"]
[White "Bakalchuk, Johnatan"]
[Black "Sutovsky, Emil"]
[Result "0-1"]
[WhiteElo "2459"]
[BlackElo "2627"]
[Annotator "TA"]
[PlyCount "62"]
[EventDate "2019.01.04"]
[EventType "team-tourn"]
[EventCountry "ISR"]
[SourceTitle "playchess.com"]
[Source "ChessBase"]
[SourceQuality "1"]

{[%evp 19,62,-22,26,-9,-11,-93,-19,-34,-22,-29,-28,-44,-37,-39,-39,-32,-31,-37,-45,-29,0,-173,-182,-177,-191,-179,-186,-222,-153,-165,-170,-155,-162,-185,-164,-217,-211,-236,-236,-250,-245,-289,-281,-359,-340]} 1. e4 e5 2. Nf3 Nc6 3. d4 exd4 4. Nxd4 Nf6 5. Nxc6 bxc6 6. e5 Qe7 7. Qe2 Nd5 {[%cal Bf6d5,Bd5b4,Bb4c6,Bc6e5,Be5c4][%mdl 32]} 8. c4 Ba6 9. b3 g6 {[%cal Bg7g6,Bg6g5][%mdl 32]} 10. f4 {[#] C45: Scotch Game} g5 $1 {[%mdl 512] LiveBook: 11 Games} (10... d6 11. Qf2 Nf6 12. Be2 dxe5 13. O-O Ne4 14. Qf3 f5 15. Nc3 exf4 16. Nxe4 Qxe4 17. Qxe4+ fxe4 18. Rxf4 {½-½ (35) Nepomniachtchi,I (2757)-Grischuk,A (2766) chess.com INT 2018}) 11. Ba3 (11. fxg5 Bg7) 11... Nb4 12. f5 $146 (12. Bb2 $11 {remains equal.}) ({Predecessor:} 12. Bb2 gxf4 13. e6 O-O-O 14. Bxh8 Qh4+ 15. g3 fxg3 16. hxg3 Qxh1 17. Bf6 Re8 {0-1 (26) Volkov,D (2248)-Berczes,D (2500) Philadelphia 2017}) 12... O-O-O (12... Nc2+ $1 $17 13. Qxc2 Qxe5+ 14. Qe2 Bg7) 13. Bb2 $1 $11 c5 14. Nc3 {aiming for a3.} d5 $1 {[%cal Rd5c4] And now ...dxc4 would win.} 15. a3 Nc6 16. f6 Qe8 $1 {...dxc4 is the strong threat.} 17. Qg4+ $1 Kb8 18. Nxd5 Nxe5 19. Qe4 $1 Nxc4 (19... Ng4 $5 20. Ne7 Nxf6 21. Nc6+ (21. Bxf6 Bxe7 22. Qxe7 Qxe7+ 23. Bxe7 Rhe8 $17) 21... Ka8 22. Qxe8 Rxe8+ 23. Be2 Bg7 $15) 20. Qxe8 $2 (20. Ne7 $11 {and White stays safe.} Bxe7 21. fxe7) 20... Rxe8+ $19 21. Kf2 Nxb2 22. Bxa6 {[#]} Re6 $1 {[%cal Re6a6]} 23. Rhb1 Rxa6 24. Rxb2 Rd6 $36 {[%mdl 2048] Keeping White busy.} 25. Rd1 c6 26. Nc3 Rxf6+ 27. Kg1 {[#]} (27. Ke1 $142) 27... Bg7 $1 28. b4 Rf5 29. bxc5+ Kc7 30. Rb3 Re8 ({Not} 30... Rxc5 31. Ne4 $17) 31. Na2 {[#]} Bd4+ $1 {[%mdl 512] Precision: White = 40%, Black = 64%.} 0-1

[Event "ISR-chT 2019"]
[Site "Israel"]
[Date "2019.03.08"]
[Round "9.27"]
[White "Fridman, Daniel"]
[Black "Caspi, Israel"]
[Result "1-0"]
[WhiteElo "2633"]
[BlackElo "2454"]
[Annotator "TA"]
[PlyCount "67"]
[EventDate "2019.01.04"]
[EventType "team-tourn"]
[EventCountry "ISR"]
[SourceTitle "playchess.com"]
[Source "ChessBase"]
[SourceQuality "1"]

{[%evp 10,67,18,0,8,0,0,0,9,16,57,46,61,39,67,54,49,54,88,66,119,57,58,54,57,47,55,59,58,43,40,35,27,28,145,138,141,150,157,172,256,244,352,368,447,446,454,439,600,568,751,612,797,784,706,705,705,616,616,600]} 1. Nf3 Nf6 2. c4 e6 3. g3 d5 4. d4 dxc4 5. Bg2 a6 6. Ne5 Bb4+ {E04: Open Catalan: 5 Nf3} 7. Nc3 {[%cal Bb1c3,Bc3d5,Bd5f6][%mdl 32]} Nd5 $1 {[%cal Rd5c3]} 8. Bd2 b5 {The position is equal.} 9. O-O {Hoping for Nxd5.} Bb7 $146 ({Predecessor:} 9... Bxc3 10. bxc3 Bb7 11. Qb1 Qc8 12. a4 c6 13. e4 Ne7 14. Bc1 {1-0 (45) Inarkiev,E (2677)-Savchenko,B (2610) Moscow 2016}) 10. Nxd5 $1 Bxd2 11. Nf6+ $1 {[%mdl 64] Discovered Attack} gxf6 12. Bxb7 fxe5 13. Bxa8 Qxd4 14. Qc2 Ba5 (14... Bg5 $14) 15. Rad1 (15. a4 $16 b4 16. e3) 15... Qc5 $14 16. a3 {[%cal Ba2a3,Ba3a4,Ba4a5][%mdl 32] aiming for b4.} Bb6 17. b3 $40 {[%mdl 128] White mounts an attack.} cxb3 $1 18. Qxb3 O-O 19. Bg2 {[%mdl 1024] White has compensation.} Qe7 20. a4 b4 21. Kh1 Nd7 {[#]} (21... Kh8 $11 {keeps the balance.}) 22. a5 $1 $16 {[%cal Ra5b6]} Bd4 {[#]} 23. Qc4 $1 {[%cal Rc4c7]} Qc5 24. Qxa6 Nb8 (24... Nf6 $142) 25. Qa8 $18 Qb5 (25... f5 {might work better.} 26. g4 Qa7 27. gxf5 Qxa8 28. Bxa8 exf5) 26. Qe4 Qxa5 27. Qg4+ {White is clearly winning.} Kh8 28. Qg5 {Strongly threatening Rxd4!} f6 29. Qh6 {[%cal Rh6f8]} Qc5 30. e3 Bc3 {[#]} 31. Rd8 $1 {[%mdl 576] Deflection, Decoy} Rxd8 32. Qxf6+ {[%mdl 64] Double Attack} Kg8 33. Qxd8+ Qf8 34. Rd1 {Accuracy: White = 90%, Black = 34%.} 1-0

[Event "ISR-chT 2019"]
[Site "Israel"]
[Date "2019.03.08"]
[Round "9.28"]
[White "Zifroni, Dov"]
[Black "Golod, Vitali"]
[Result "1/2-1/2"]
[WhiteElo "2450"]
[BlackElo "2523"]
[Annotator "TA"]
[PlyCount "36"]
[EventDate "2019.01.04"]
[EventType "team-tourn"]
[EventCountry "ISR"]
[SourceTitle "playchess.com"]
[Source "ChessBase"]
[SourceQuality "1"]

{[%evp 14,36,15,7,11,9,19,6,6,6,6,14,7,14,5,0,0,0,0,5,12,0,0,-6,0]} 1. Nf3 Nf6 2. c4 e6 3. g3 d5 4. Bg2 dxc4 5. Qa4+ c6 6. Qxc4 b5 7. Qc2 Bb7 8. O-O {The position is equal.} Nbd7 {A13: English Opening: 1...e6} (8... Be7 9. d3 O-O 10. a4 a6 11. Nc3 Nbd7 12. Rd1 Rc8 13. h3 Qb6 14. e4 c5 15. Be3 Rfd8 16. Rac1 h6 17. axb5 axb5 {1-0 (73) Duda,J (2737)-Karjakin,S (2773) chess.com INT 2018}) 9. Nc3 a6 10. a4 Be7 11. d4 O-O 12. Be3 Nd5 $146 ({Predecessor:} 12... Rc8 13. Ne4 Nxe4 14. Qxe4 Nf6 15. Qd3 c5 16. dxc5 Qxd3 17. exd3 Bxc5 18. axb5 Bxe3 {½-½ (18) Siigur,J (2433)-Roubaud,D (2559) ICCF email 2016}) 13. Nxd5 cxd5 14. axb5 axb5 15. Rfc1 Rxa1 16. Rxa1 Qb6 17. Rc1 Rc8 18. Qb1 Rxc1+ 1/2-1/2

[Event "ISR-chT 2019"]
[Site "Israel"]
[Date "2019.03.08"]
[Round "9.29"]
[White "Bar, Roman"]
[Black "Haimovich, Tal"]
[Result "1/2-1/2"]
[WhiteElo "2489"]
[BlackElo "2401"]
[Annotator "TA"]
[PlyCount "31"]
[EventDate "2019.01.04"]
[EventType "team-tourn"]
[EventCountry "ISR"]
[SourceTitle "playchess.com"]
[Source "ChessBase"]
[SourceQuality "1"]

{[%evp 18,31,27,24,19,0,0,11,10,9,19,6,20,0,0,-6]} 1. e4 e5 2. Nf3 Nc6 3. Bb5 Nf6 4. O-O Nxe4 5. Re1 Nd6 6. Nxe5 Nxe5 7. Rxe5+ Be7 8. Bf1 O-O 9. d4 Bf6 10. Re1 Re8 {C67: Ruy Lopez: Berlin Defence: 4 0-0 Nxe4} 11. Rxe8+ {The position is equal.} Nxe8 12. c3 d5 13. Bd3 Be6 14. Bf4 Bg5 {[#]} 15. Bxg5 $146 ({Predecessor:} 15. Qc1 Bxf4 16. Qxf4 Qf6 17. Qxf6 Nxf6 18. Nd2 {½-½ (31) Libiszewski,F (2522)-Bacrot,E (2730) Germany 2013}) 15... Qxg5 16. Qd2 1/2-1/2

[Event "ISR-chT 2019"]
[Site "Israel"]
[Date "2019.03.08"]
[Round "9.30"]
[White "Ganor, Dotan"]
[Black "Kantsler, Boris"]
[Result "1/2-1/2"]
[WhiteElo "2269"]
[BlackElo "2398"]
[Annotator "NA"]
[PlyCount "63"]
[EventDate "2019.01.04"]
[EventType "team-tourn"]
[EventCountry "ISR"]
[SourceTitle "playchess.com"]
[Source "ChessBase"]
[SourceQuality "1"]
[TimeControl "40/5400+30:1800+30"]

1. e4 {[%emt 0:00:00]} g6 {[%emt 0:00:59]} 2. d4 {[%emt 0:00:16]} Bg7 {[%emt 0:00:01]} 3. Nc3 {[%emt 0:02:29]} d6 {[%emt 0:00:29]} 4. g3 {[%emt 0:05:34]} Nf6 {[%emt 0:04:10]} 5. Bg2 {[%emt 0:00:11]} O-O {[%emt 0:00:04]} 6. Nge2 {[%emt 0:00:08]} Nbd7 {[%emt 0:00:06]} 7. O-O {[%emt 0:00:31]} c5 {[%emt 0:00:05]} 8. h3 {[%emt 0:06:17]} Rb8 {[%emt 0:00:51]} 9. dxc5 {[%emt 0:09:48]} Nxc5 {[%emt 0:00:33]} 10. Be3 {[%emt 0:00:33]} b6 {[%emt 0:00:38]} 11. Nf4 {[%emt 0:17:11]} e6 {[%emt 0:14:03]} 12. Nd3 {[%emt 0:03:08]} Ba6 {[%emt 0:07:30]} 13. Re1 {[%emt 0:03:34]} Qe7 {[%emt 0:02:08]} 14. e5 {[%emt 0:07:40]} dxe5 {[%emt 0:01:30]} 15. Nxe5 {[%emt 0:00:07]} Bb7 {[%emt 0:01:14]} 16. Nc6 {[%emt 0:06:51]} Bxc6 {[%emt 0:01:14]} 17. Bxc6 {[%emt 0:00:02]} Rbc8 {[%emt 0:03:22]} 18. Bg2 {[%emt 0:01:24]} Rfd8 {[%emt 0:06:24]} 19. Qe2 {[%emt 0:00:38]} Ne8 {[%emt 0:08:35]} 20. Rad1 {[%emt 0:10:19]} Nd6 {[%emt 0:02:16]} 21. Bd4 {[%emt 0:02:22]} Bxd4 {[%emt 0:08:38]} 22. Rxd4 {[%emt 0:00:02]} Ne8 {[%emt 0:00:07]} 23. Red1 {[%emt 0:01:15]} Rxd4 {[%emt 0:00:55]} 24. Rxd4 {[%emt 0:00:01]} Rd8 {[%emt 0:00:25]} 25. Qd2 {[%emt 0:03:11]} Rxd4 {[%emt 0:03:11]} 26. Qxd4 {[%emt 0:00:02]} Qd6 {[%emt 0:00:34]} 27. Nb5 {[%emt 0:04:32]} Qxd4 {[%emt 0:01:47]} 28. Nxd4 {[%emt 0:00:01]} Nd6 {[%emt 0:00:12]} 29. Kf1 {[%emt 0:00:44]} Kf8 {[%emt 0:32:29]} 30. Ke2 {[%emt 0:16:09]} Na4 {[%emt 0:00:30]} 31. b3 {[%emt 0:00:30]} Nc5 {[%emt 0:00:30]} 32. Ke1 {[%emt 0:00:30]} 1/2-1/2

[Event "ISR-chT 2019"]
[Site "Israel"]
[Date "2019.03.08"]
[Round "9.32"]
[White "Rechlis, Gad"]
[Black "Finkel, Alexander"]
[Result "1/2-1/2"]
[WhiteElo "2526"]
[BlackElo "2443"]
[Annotator "RC"]
[PlyCount "136"]
[EventDate "2019.01.04"]
[EventType "team-tourn"]
[EventCountry "ISR"]
[SourceTitle "playchess.com"]
[Source "ChessBase"]
[SourceQuality "1"]
[TimeControl "40/5400+30:1800+30"]

1. e4 {[%emt 0:01:36]} d6 {[%emt 0:00:03]} 2. d4 {[%emt 0:00:11]} Nf6 {[%emt 0:00:05]} 3. Nc3 {[%emt 0:00:04]} g6 {[%emt 0:00:43]} 4. Be3 {[%emt 0:01:48]} a6 {[%emt 0:01:35]} 5. Be2 {[%emt 0:08:29]} Bg7 {[%emt 0:01:44]} 6. e5 {[%emt 0:06:50]} Nfd7 {[%emt 0:03:03]} 7. exd6 {[%emt 0:00:25]} cxd6 {[%emt 0:00:42]} 8. Qd2 {[%emt 0:00:04]} Nf6 {[%emt 0:04:12]} 9. Nf3 {[%emt 0:17:07]} b5 {[%emt 0:04:03]} 10. Bh6 {[%emt 0:00:29]} O-O {[%emt 0:06:11]} 11. h4 {[%emt 0:08:35]} Bg4 {[%emt 0:03:35]} 12. h5 {[%emt 0:03:58]} Bxh5 {[%emt 0:04:31]} 13. Bxg7 {[%emt 0:19:47]} Kxg7 {[%emt 0:00:02]} 14. Ng5 {[%emt 0:00:19]} Bxe2 {[%emt 0:23:54]} 15. Nxh7 {[%emt 0:00:42]} Nxh7 {[%emt 0:00:38]} 16. Qh6+ {[%emt 0:00:03]} Kf6 {[%emt 0:00:08]} 17. Qh4+ {[%emt 0:00:31]} Ng5 {[%emt 0:12:27]} 18. Kxe2 {[%emt 0:02:42]} d5 {[%emt 0:09:42]} 19. f4 {[%emt 0:21:46]} e6 {[%emt 0:00:20]} 20. Qxg5+ {[%emt 0:01:17]} Kg7 {[%emt 0:00:02]} 21. Qh6+ {[%emt 0:00:21]} Kf6 {[%emt 0:00:02]} 22. f5 {[%emt 0:02:26]} exf5 {[%emt 0:01:53]} 23. Kd3 {[%emt 0:00:59]} Nc6 {[%emt 0:03:13]} 24. g4 {[%emt 0:00:45]} Nb4+ {[%emt 0:07:38]} 25. Kd2 {[%emt 0:00:01]} Rh8 {[%emt 0:00:15]} 26. Qf4 {[%emt 0:00:25]} Qb8 {[%emt 0:01:44]} 27. Qf2 {[%emt 0:00:07]} Qd6 {[%emt 0:02:26]} 28. gxf5 {[%emt 0:00:05]} g5 {[%emt 0:01:02]} 29. Rag1 {[%emt 0:00:15]} Qf4+ {[%emt 0:05:07]} 30. Qxf4 {[%emt 0:00:20]} gxf4 {[%emt 0:00:01]} 31. a3 {[%emt 0:01:26]} Nc6 {[%emt 0:00:09]} 32. Nxd5+ {[%emt 0:00:02]} Kxf5 {[%emt 0:00:10]} 33. Kd3 {[%emt 0:00:09]} Rag8 {[%emt 0:02:27]} 34. c3 {[%emt 0:00:44]} Rxh1 {[%emt 0:01:29]} 35. Rxh1 {[%emt 0:00:11]} Rg3+ {[%emt 0:00:12]} 36. Ke2 {[%emt 0:00:03]} Rg2+ {[%emt 0:00:34]} 37. Kf3 {[%emt 0:00:05]} Rg3+ {[%emt 0:00:40]} 38. Kf2 {[%emt 0:00:24]} Ke4 {[%emt 0:00:29]} 39. Rh5 {[%emt 0:00:26]} Rg6 {[%emt 0:01:18]} 40. Nc7 {[%emt 0:00:57]} f5 {[%emt 0:00:41]} 41. Nxa6 {[%emt 0:30:12]} Kd3 {[%emt 0:06:02]} 42. Rxf5 {[%emt 0:00:00]} Kc2 {[%emt 0:02:44]} 43. Rxb5 {[%emt 0:00:00]} Na7 {[%emt 0:00:42]} 44. Nb4+ {[%emt 0:00:00]} Kxb2 {[%emt 0:00:33]} 45. Rb7 {[%emt 0:00:00]} Nc8 {[%emt 0:00:21]} 46. Nd5+ {[%emt 0:00:00]} Kc2 {[%emt 0:00:40]} 47. Kf3 {[%emt 0:00:00]} Rg1 {[%emt 0:04:45]} 48. Kxf4 {[%emt 0:00:00]} Nd6 {[%emt 0:01:54]} 49. Rb4 {[%emt 0:00:00]} Kd3 {[%emt 0:01:10]} 50. a4 {[%emt 0:00:00]} Ne4 {[%emt 0:03:21]} 51. a5 {[%emt 0:00:00]} Nxc3 {[%emt 0:02:50]} 52. Rb3 {[%emt 0:00:00]} Kc4 {[%emt 0:00:22]} 53. Rxc3+ {[%emt 0:00:00]} Kxd5 {[%emt 0:00:02]} 54. Ke3 {[%emt 0:02:26]} Re1+ {[%emt 0:00:20]} 55. Kd3 {[%emt 0:00:41]} Rd1+ {[%emt 0:00:09]} 56. Kc2 {[%emt 0:00:06]} Ra1 {[%emt 0:00:38]} 57. Rh3 {[%emt 0:00:56]} Kxd4 {[%emt 0:00:20]} 58. Rh5 {[%emt 0:00:04]} Kc4 {[%emt 0:00:22]} 59. Kb2 {[%emt 0:00:05]} Rg1 {[%emt 0:00:18]} 60. a6 {[%emt 0:00:26]} Kb4 {[%emt 0:00:57]} 61. a7 {[%emt 0:01:55]} Rg2+ {[%emt 0:00:23]} 62. Kb1 {[%emt 0:00:15]} Rg1+ {[%emt 0:00:17]} 63. Kc2 {[%emt 0:00:16]} Ra1 {[%emt 0:00:20]} 64. Rh7 {[%emt 0:00:20]} Kb5 {[%emt 0:01:34]} 65. Kb2 {[%emt 0:00:08]} Ra6 {[%emt 0:01:02]} 66. Kb3 {[%emt 0:01:03]} Kb6 {[%emt 0:00:05]} 67. Rh6+ {[%emt 0:00:50]} Kxa7 {[%emt 0:00:02]} 68. Rxa6+ {[%emt 0:00:08]} Kxa6 1/2-1/2

[Event "ISR-chT 2019"]
[Site "Israel"]
[Date "2019.03.08"]
[Round "9.33"]
[White "Aharon, Ofir"]
[Black "Manor, Ilan"]
[Result "0-1"]
[WhiteElo "2308"]
[BlackElo "2478"]
[Annotator "TA"]
[PlyCount "66"]
[EventDate "2019.01.04"]
[EventType "team-tourn"]
[EventCountry "ISR"]
[SourceTitle "playchess.com"]
[Source "ChessBase"]
[SourceQuality "1"]

{[%evp 17,66,0,0,-2,0,-6,10,6,7,12,18,-25,-28,-29,-34,-35,-29,-33,-14,-9,0,-68,-64,-126,-107,-110,-107,-203,-197,-189,-193,-307,-265,-336,-313,-314,-233,-234,-247,-232,-174,-745,-750,-839,-839,-811,-804,-798,-790,-3385,-2808]} 1. e4 c5 2. Nf3 e6 3. d4 cxd4 4. Nxd4 Nc6 5. Nc3 Qc7 6. f4 a6 7. Nxc6 Qxc6 8. Bd3 b5 9. Be3 {B47: Sicilian: Taimanov: 5 Nc3 Qc7 6 f4, 6 g3 and 6 Be2} Bb7 {LiveBook: 20 Games} 10. a3 (10. Qd2 Nf6 11. Bd4 b4 12. Bxf6 gxf6 13. Nd1 f5 14. exf5 Qxg2 15. Qxg2 Bxg2 16. Rg1 {½-½ (23) Kryvoruchko,Y (2705)-Moranda,W (2601) Poland 2018}) 10... Nf6 11. Qf3 {The position is equal.} b4 $146 ({Predecessor:} 11... h5 12. O-O-O b4 13. axb4 Bxb4 14. Bd4 Bc5 15. Qe3 Rc8 16. Bxc5 Qxc5 17. Qxc5 Rxc5 {½-½ (26) Zuse,P (2215)-Mews,B (2049) Bad Homburg 2016}) 12. axb4 Bxb4 13. O-O O-O 14. Ne2 Bc5 {[%cal Rf6e4]} ({But not} 14... Nxe4 $2 15. Nd4 $18) 15. Bxc5 Qxc5+ 16. Kh1 a5 17. Nc3 Qb4 18. Qh3 d5 {[%cal Rd5e4]} ({Not} 18... Qxb2 $2 19. e5 $18) 19. exd5 (19. Ra4 $11 Qb6 20. e5) 19... exd5 $15 20. Ra3 (20. Nd1 $15) 20... Bc6 21. Rb3 Qc5 22. Qf5 (22. Nd1 $17) 22... a4 $19 23. Ra3 Rfe8 24. Ne2 (24. Qh3 {is a better defense.}) 24... Qb4 25. Ra2 Re3 {Threatens to win with ...h6.} 26. Ng3 Bd7 27. Qg5 {intending Nh5.} h6 28. Qh4 Rae8 29. Nh5 $2 (29. h3) 29... Nxh5 {Black is clearly winning.} 30. Qxh5 Re1 {[#] White must now prevent ...Rxf1+.} 31. Qf3 Rxf1+ 32. Bxf1 Re1 33. Ra3 Bb5 {Accuracy: White = 29%, Black = 82%.} 0-1

[Event "ISR-chT 2019"]
[Site "Israel"]
[Date "2019.03.08"]
[Round "9.34"]
[White "Steinberg, Nitzan"]
[Black "Shachar, Ehud"]
[Result "1-0"]
[WhiteElo "2532"]
[BlackElo "2387"]
[Annotator "TA"]
[PlyCount "77"]
[EventDate "2019.01.04"]
[EventType "team-tourn"]
[EventCountry "ISR"]
[SourceTitle "playchess.com"]
[Source "ChessBase"]
[SourceQuality "1"]

{[%evp 17,77,15,32,12,43,35,58,60,87,86,87,95,95,96,95,89,100,96,104,104,130,100,122,114,127,124,108,104,140,112,167,91,101,80,167,167,159,167,167,167,161,167,147,154,169,165,193,162,211,210,246,232,274,230,312,289,1442,1429,29995,29996,29997,29998]} 1. e4 e6 2. d4 d5 3. Nc3 Bb4 4. e5 c5 5. Bd2 Ne7 6. Nb5 Bxd2+ 7. Qxd2 O-O 8. f4 cxd4 9. Nf3 Nbc6 10. Bd3 {C17: French: 3 Nc3 Bb4 4 e5 c5 sidelines} f6 11. exf6 Rxf6 12. O-O-O {White is slightly better.} Bd7 13. Rhe1 $146 ({Predecessor:} 13. Nbxd4 Nxd4 14. Nxd4 Nc6 15. Nf3 Qa5 16. Qxa5 Nxa5 17. g3 Nc6 {1-0 (68) Heidrich,M (2408)-Wegener,D (2345) Germany 2002}) 13... a6 14. Nbxd4 Nxd4 15. Nxd4 Nc6 16. Nf3 Qc7 17. g3 Rc8 18. Kb1 h6 19. Re3 b5 20. Rde1 Na5 21. Nd4 Qb6 22. c3 Nb7 23. Re5 Nc5 (23... Nd6 $16 {was necessary.}) 24. f5 ({White should try} 24. Bc2 $18) 24... Rd8 25. Bc2 (25. fxe6 {seems wilder.} Bxe6 26. Nxe6 Rxe6 27. Bf5 Rxe5 28. Rxe5 Ne4 29. Qe1) 25... Qd6 (25... Ne4 $16 {is a better defense.} 26. Qe2 (26. Bxe4 dxe4 27. R5xe4 exf5 $11) 26... b4) 26. fxe6 $18 Bxe6 27. Nxe6 Rxe6 28. Rxe6 Nxe6 29. Qd3 {Qh7+ is the strong threat.} Ng5 30. Bb3 Kh8 {[#]} 31. Bxd5 $1 {[%mdl 512]} Qc5 ({Wrong is} 31... Qxd5 $2 {[#]} 32. Re8+ $1 {[%mdl 512]} Rxe8 33. Qxd5 $18) 32. Rd1 Qf2 33. h4 Ne6 34. Qf3 Qb6 35. Re1 Nc5 36. Qf7 {Intending Re8+ and mate.} Qf6 $2 (36... Kh7 37. g4 (37. Re8 Rxe8 38. Qxe8 Qg6+ 39. Qxg6+ Kxg6 $18) 37... Qf6) 37. Re8+ Rxe8 38. Qxe8+ Kh7 39. Bg8+ {Accuracy: White = 70%, Black = 22%.} 1-0

[Event "ISR-chT 2019"]
[Site "Israel"]
[Date "2019.03.08"]
[Round "9.35"]
[White "Gershon, Alik"]
[Black "Bitensky, Igor"]
[Result "1-0"]
[WhiteElo "2431"]
[BlackElo "2375"]
[Annotator "NA RC"]
[PlyCount "71"]
[EventDate "2019.01.04"]
[EventType "team-tourn"]
[EventCountry "ISR"]
[SourceTitle "playchess.com"]
[Source "ChessBase"]
[SourceQuality "1"]
[TimeControl "40/5400+30:1800+30"]

1. d4 {[%emt 0:02:03]} Nf6 {[%emt 0:03:17]} 2. c4 {[%emt 0:00:21]} g6 {[%emt 0:00:07]} 3. Nc3 {[%emt 0:00:12]} Bg7 {[%emt 0:00:02]} 4. e4 {[%emt 0:00:14]} d6 {[%emt 0:00:03]} 5. Be2 {[%emt 0:00:25]} O-O {[%emt 0:00:05]} 6. Nf3 {[%emt 0:00:26]} e5 {[%emt 0:00:03]} 7. d5 {[%emt 0:01:21]} Nbd7 {[%emt 0:01:35]} 8. Qc2 {[%emt 0:02:12]} a5 {[%emt 0:06:48]} 9. Bg5 {[%emt 0:02:57]} h6 {[%emt 0:00:36]} 10. Bh4 {[%emt 0:00:06]} g5 {[%emt 0:03:57]} 11. Bg3 {[%emt 0:00:36]} Nh5 {[%emt 0:00:19]} 12. h4 {[%emt 0:08:11]} g4 {[%emt 0:09:10]} 13. Nh2 {[%emt 0:04:58]} Nxg3 {[%emt 0:11:45]} 14. fxg3 {[%emt 0:00:17]} h5 {[%emt 0:00:05]} 15. O-O {[%emt 0:01:11]} Nc5 {[%emt 0:07:29]} 16. Bd3 {[%emt 0:02:42]} Bh6 {[%emt 0:13:45]} 17. Qe2 {[%emt 0:05:17]} c6 {[%emt 0:07:34]} 18. Kh1 {[%emt 0:05:27]} Qb6 {[%emt 0:02:44]} 19. Rad1 {[%emt 0:08:07]} Nxd3 {[%emt 0:06:00]} 20. Qxd3 {[%emt 0:08:49]} Qd4 {[%emt 0:06:36]} 21. dxc6 {[%emt 0:07:49]} bxc6 {[%emt 0:00:02]} 22. Qb1 {[%emt 0:07:28]} Qxc4 {[%emt 0:01:36]} 23. Rf6 {[%emt 0:00:05]} Bg7 {[%emt 0:03:04]} 24. Rfxd6 {[%emt 0:00:07]} f5 {[%emt 0:05:31]} 25. exf5 {[%emt 0:01:53]} Bxf5 {[%emt 0:00:01]} 26. Qc1 {[%emt 0:00:02]} Ra7 {[%emt 0:08:34]} 27. Nf1 {[%emt 0:01:08]} Qc5 {[%emt 0:01:34]} 28. Rd8 {[%emt 0:03:01]} Rxd8 {[%emt 0:00:58]} 29. Rxd8+ {[%emt 0:00:03]} Kh7 {[%emt 0:00:02]} 30. Qg5 {[%emt 0:10:01]} Bg6 {[%emt 0:00:02]} 31. Ne3 {[%emt 0:00:04]} Rf7 {[%emt 0:01:30]} 32. Ne4 {[%emt 0:00:23]} Qb4 {[%emt 0:00:34]} 33. Nd6 {[%emt 0:01:46]} Qe1+ {[%emt 0:00:11]} 34. Kh2 {[%emt 0:00:02]} Rf3 {[%emt 0:00:46]} 35. Ndf5 {[%emt 0:02:02]} Rxe3 {[%emt 0:00:31]} 36. Rd7 {[%emt 0:00:54]} 1-0

[Event "ISR-chT 2019"]
[Site "Israel"]
[Date "2019.03.08"]
[Round "9.36"]
[White "Botvinnik, Mikhail"]
[Black "Gelfer, Israel"]
[Result "1-0"]
[WhiteElo "2368"]
[BlackElo "2323"]
[Annotator "NA RC"]
[PlyCount "75"]
[EventDate "2019.01.04"]
[EventType "team-tourn"]
[EventCountry "ISR"]
[SourceTitle "playchess.com"]
[Source "ChessBase"]
[SourceQuality "1"]
[TimeControl "40/5400+30:1800+30"]

1. d4 {[%emt 0:06:12]} Nf6 {[%emt 0:00:00]} 2. c4 {[%emt 0:00:09]} e6 {[%emt 0:00:00]} 3. g3 {[%emt 0:00:23]} c5 {[%emt 0:00:23]} 4. Nf3 {[%emt 0:01:31]} d5 {[%emt 0:02:22]} 5. cxd5 {[%emt 0:02:14]} Nxd5 {[%emt 0:00:33]} 6. Bg2 {[%emt 0:01:00]} Nc6 {[%emt 0:00:35]} 7. O-O {[%emt 0:04:04]} Be7 {[%emt 0:00:12]} 8. e4 {[%emt 0:08:17]} Nf6 {[%emt 0:01:14]} 9. e5 {[%emt 0:01:29]} Nd5 {[%emt 0:03:11]} 10. dxc5 {[%emt 0:02:02]} Bxc5 {[%emt 0:01:40]} 11. a3 {[%emt 0:04:09]} a5 {[%emt 0:02:18]} 12. Qa4 {[%emt 0:05:12]} O-O {[%emt 0:07:47]} 13. Nbd2 {[%emt 0:09:20]} Qc7 {[%emt 0:04:28]} 14. Re1 {[%emt 0:08:53]} Rd8 {[%emt 0:13:09]} 15. Qh4 {[%emt 0:07:36]} Nde7 {[%emt 0:07:15]} 16. Ne4 {[%emt 0:03:38]} Nf5 {[%emt 0:03:20]} 17. Qh5 {[%emt 0:04:32]} Bf8 {[%emt 0:12:45]} 18. Bg5 {[%emt 0:06:33]} Rd5 {[%emt 0:04:08]} 19. Rac1 {[%emt 0:03:24]} Qb6 {[%emt 0:06:30]} 20. g4 {[%emt 0:03:31]} Nfd4 {[%emt 0:02:24]} 21. Bf6 {[%emt 0:03:34]} Nxf3+ {[%emt 0:02:06]} 22. Bxf3 {[%emt 0:00:01]} h6 {[%emt 0:03:28]} 23. Ng5 {[%emt 0:05:11]} g6 {[%emt 0:04:06]} 24. Qh4 {[%emt 0:00:23]} Rd2 {[%emt 0:03:10]} 25. Bxc6 {[%emt 0:02:06]} bxc6 {[%emt 0:00:16]} 26. Ne4 {[%emt 0:02:27]} Rxb2 {[%emt 0:01:14]} 27. Bg5 {[%emt 0:01:32]} f5 {[%emt 0:02:31]} 28. Bxh6 {[%emt 0:02:08]} Bxh6 {[%emt 0:03:46]} 29. Qxh6 {[%emt 0:00:21]} fxe4 {[%emt 0:00:08]} 30. Qxg6+ {[%emt 0:00:08]} Kf8 {[%emt 0:00:18]} 31. Qf6+ {[%emt 0:01:50]} Ke8 {[%emt 0:04:04]} 32. Rcd1 {[%emt 0:00:33]} Ra7 {[%emt 0:01:41]} 33. Qh8+ {[%emt 0:00:44]} Ke7 {[%emt 0:00:45]} 34. Qh4+ {[%emt 0:00:39]} Ke8 {[%emt 0:00:22]} 35. Qh8+ {[%emt 0:00:54]} Ke7 {[%emt 0:00:03]} 36. Re3 {[%emt 0:00:42]} Rb1 {[%emt 0:01:13]} 37. Rh3 {[%emt 0:00:32]} Rxd1+ {[%emt 0:00:22]} 38. Kg2 {[%emt 0:01:06]} 1-0